1693 1633 1569 1770 1500 1556 1003 1841 1881 1787 1082 1986 1480 1587 1697 1232 1324 1576 1138 1222 1473 1873 1857 1618 1179 1320 1448 1688 1932 1739 1934 1016 1836 1151 1939 1612 1151 1889 1196 1747 1912 1638 1372 1289 1601 1931 1998 1792 1541 1807 1316 1892 1903 1477 1287 1475 1290 1559 1439 1966 1875 1574 1844 1706 1309 1864 1932 1093 1535 1933 1794 1020 1521 1745 1427 2000 1606 1174 1939 1835 1393 1873 1453 1157 1536 1811 1499 1412 1411 1980 1867 1139 1552 1924 1193 1739 1456 1910 1578 BCNSPRNW ULIB Ver.6.0+V

เปลี่ยนเป็นภาษาไทย

Change to English
 แสดงรายละเอียดบรรณานุกรม
  กลับหน้าหลัก

Brief Record : Get Marc (ISO 2709) : E-mail record : QR code < ปิดหน้าต่าง
LEADER : 00000nam 2200000uu 4500
001    13399112065
003     ULIB
008    110627s2552||||th 000 0 tha d
020    9786117002014
090    นว.^bช245ม 2552
100 0  ชลาลัย
245 00 เมียนอกหัวใจ/^cชลาลัย
250    พิมพ์ครั้งที่ 1
260    กรุงเทพฯ :^bSugar Beat,^c2552
300    336 หน้า
710 1  Sugar Beat
945    ^p220^l0^i026023
995    ทศพร
999 ^a ใช้งานได้ทุกระบบ
รายการนี้ยังไม่มีแท็ก
คุณยังไม่ได้ล็อกอิน คุณสามารถมีกิจกรรมร่วมกับเว็บไซต์ได้ แต่ต้องล็อกอินก่อน ::
  ล็อกอิน

รายการสื่อสารสนเทศ

ลำดับที่ ประเภท เลขเรียก/บาร์โค้ด สถานที่ สถานะ
- ไม่พบข้อมูล -

รายการใกล้เคียง
    ผู้แต่ง [ชลาลัย]

BibComment


ยังไม่เคยถูกคอมเมนท์

คอมเมนท์ทรัพยากรรายการนี้
  คอมเมนท์: เมียนอกหัวใจ ชลาลัย


 Copyright 2026. Bcnsprnw @Library